[Event "Madrid-chT 1718"]
[Site "Madrid"]
[Date "2018.01.28"]
[Round "7.44"]
[White "Dominguez Fernandez, Angel I"]
[Black "Sanchez Gonzalez, Sergio"]
[Result "0-1"]
[WhiteElo "2234"]
[BlackElo "2290"]
[PlyCount "106"]
[EventDate "2017.11.19"]
[EventType "team-tourn"]
[EventRounds "14"]
[EventCountry "ESP"]
[SourceTitle "EXT 2019"]
[Source "ChessBase"]
[SourceDate "2018.10.10"]
[SourceVersion "1"]
[SourceVersionDate "2018.10.10"]
[SourceQuality "1"]
[WhiteTeam "Virgen de Atocha"]
[BlackTeam "Liberty Chess"]
[WhiteTeamCountry "ESP"]
[BlackTeamCountry "ESP"]

1. e4 c5 2. c3 Nf6 3. e5 Nd5 4. d4 cxd4 5. Nf3 e6 6. cxd4 d6 7. Bc4 Nc6 8. 0-0 Nb6 9. Bb3 Be7 10. Qe2 a6 11. Nc3 d5 12. Rd1 Bd7 13. g3 h6 14. h4 Nc8 15. Bf4 b5 16. Rac1 Nb6 17. Bc2 Nc4 18. b3 Na3 19. Bd3 Nb4 20. Nb1 Nxd3 21. Qxd3 Nxb1 22. Qxb1 b4 23. Qd3 Bb5 24. Qd2 Qb6 25. Rc2 Kd7 26. Rdc1 Rhc8 27. h5 a5 28. Kg2 Qa6 29. Rxc8 Rxc8 30. Rxc8 Qxc8 31. g4 Qc3 32. Ne1 Qxd2 33. Bxd2 Be2 34. Kg3 Kc6 35. f4 Kb5 36. Bc1 a4 37. Nc2 Bd3 38. Na1 a3 39. g5 Bb1 40. gxh6 gxh6 41. f5 Bf8 42. fxe6 fxe6 43. Kf3 Bxa2 44. Ke2 Bb1 45. Kd2 Bf5 46. Nc2 Bg4 47. Ne3 Bxh5 48. Ng2 Bg4 49. Kc2 Bf5+ 50. Kd1 h5 51. Ne3 Be4 52. Nf1 h4 53. Ke2 Bh6 0-1

[Event "Madrid-chT 1718"]
[Site "Madrid"]
[Date "2017.11.19"]
[Round "1.15"]
[White "Dominguez Fernandez, Angel I"]
[Black "Prieto Martin, Alfonso"]
[Result "1-0"]
[WhiteElo "2234"]
[BlackElo "2187"]
[PlyCount "85"]
[EventDate "2017.11.19"]
[EventType "team-tourn"]
[EventRounds "14"]
[EventCountry "ESP"]
[SourceTitle "EXT 2019"]
[Source "ChessBase"]
[SourceDate "2018.10.10"]
[SourceVersion "1"]
[SourceVersionDate "2018.10.10"]
[SourceQuality "1"]
[WhiteTeam "Virgen de Atocha"]
[BlackTeam "Alcorcon"]
[WhiteTeamCountry "ESP"]
[BlackTeamCountry "ESP"]

1. e4 c5 2. c3 g6 3. d4 cxd4 4. cxd4 d5 5. e5 Bg7 6. Nc3 a6 7. h3 Nc6 8. f4 f6 9. g4 e6 10. Nf3 fxe5 11. fxe5 Nge7 12. Be3 0-0 13. Be2 b5 14. 0-0 Qb6 15. Qd2 Bd7 16. b3 h6 17. Kg2 Rf7 18. Rf2 Raf8 19. Raf1 Be8 20. Bd3 Kh7 21. Ne2 b4 22. Nf4 Rxf4 23. Bxf4 a5 24. Be3 Rh8 25. Ng1 Kg8 26. Ne2 g5 27. Ng3 Ng6 28. Bb1 Nce7 29. Kg1 Bb5 30. Rc1 Nh4 31. Nh5 Be8 32. Nf6+ Bxf6 33. exf6 Neg6 34. Bxg6 Nxg6 35. Rc8 Kf7 36. Qc2 Nf8 37. Qc5 Qxc5 38. dxc5 Bd7 39. Rc7 Ke8 40. c6 Kd8 41. Rxd7+ Nxd7 42. cxd7 Kxd7 43. f7 1-0

[Event "La Roda op 44th"]
[Site "La Roda"]
[Date "2017.04.16"]
[Round "8"]
[White "Iruzubieta Villaluenga, Jesus Maria"]
[Black "Dominguez Fernandez, Angel I"]
[Result "1-0"]
[WhiteElo "2434"]
[BlackElo "2182"]
[PlyCount "83"]
[EventDate "2017.04.12"]
[EventType "swiss"]
[EventRounds "9"]
[EventCountry "ESP"]
[SourceTitle "CBM 177 Extra"]
[Source "ChessBase"]
[SourceDate "2017.04.27"]
[SourceVersion "1"]
[SourceVersionDate "2017.04.27"]
[SourceQuality "1"]

1. e4 c5 2. Nf3 Nc6 3. d4 cxd4 4. Nxd4 Nf6 5. Nc3 e5 6. Ndb5 d6 7. Bg5 a6 8. Na3 Be6 9. Nc4 Rc8 10. Bxf6 Qxf6 11. Nb6 Rb8 12. Ncd5 Qd8 13. c3 Be7 14. Bc4 0-0 15. 0-0 Bg5 16. Qe2 Ne7 17. Rad1 Bxd5 18. Nxd5 Nxd5 19. Rxd5 b5 20. Bb3 Qb6 21. Rfd1 Be7 22. Qg4 a5 23. R5d3 a4 24. Bd5 Qc7 25. a3 Kh8 26. Rh3 g6 27. Ba2 Qc8 28. Qe2 f5 29. exf5 Rxf5 30. Bb1 Rf6 31. Rf3 Qc5 32. Rxf6 Bxf6 33. Be4 Be7 34. g3 Kg7 35. Kg2 Rf8 36. h4 h6 37. Rd5 Qb6 38. Rd2 h5 39. Qd3 Rf6 40. Qd5 Qc5 41. Qb7 Rf7 42. Bd5 1-0

[Event "Gallego-ch U18"]
[Site "Viveiro"]
[Date "2017.02.26"]
[Round "3"]
[White "Dorado Meijide, Andrea"]
[Black "Dominguez Fernandez, Angel I"]
[Result "0-1"]
[WhiteElo "1769"]
[BlackElo "2115"]
[PlyCount "60"]
[EventDate "2017.02.25"]
[EventType "swiss"]
[EventRounds "8"]
[EventCountry "ESP"]
[SourceTitle "EXT 2024"]
[Source "ChessBase"]
[SourceDate "2023.10.10"]
[SourceVersion "1"]
[SourceVersionDate "2023.10.10"]
[SourceQuality "1"]

1. e4 e5 2. Nf3 Nc6 3. d4 exd4 4. Nxd4 Nxd4 5. Qxd4 Ne7 6. Bc4 Nc6 7. Qd5 Qf6 8. Bb3 d6 9. 0-0 Be6 10. Qd3 a6 11. Bd2 Ne5 12. Qg3 Bxb3 13. axb3 h5 14. f4 Nd7 15. Nc3 h4 16. Qf3 c6 17. b4 Be7 18. b5 0-0 19. bxc6 bxc6 20. Ra5 Rfb8 21. Rf5 Qg6 22. Rh5 Rxb2 23. f5 Qf6 24. Bg5 Qd4+ 25. Kh1 Ne5 26. Rh8+ Kxh8 27. Qh5+ Kg8 28. Bxe7 Qxc3 29. f6 Qxc2 30. Qg5 Ng6 0-1

[Event "Galego-ch"]
[Site "Padron"]
[Date "2016.03.24"]
[Round "6.2"]
[White "Pazos Porta, Antonio"]
[Black "Dominguez Fernandez, Angel I"]
[Result "1-0"]
[WhiteElo "2317"]
[BlackElo "2172"]
[PlyCount "81"]
[EventDate "2016.03.19"]
[EventType "swiss"]
[EventRounds "7"]
[EventCountry "ESP"]
[SourceTitle "EXT 2024"]
[Source "ChessBase"]
[SourceDate "2023.10.10"]
[SourceVersion "1"]
[SourceVersionDate "2023.10.10"]
[SourceQuality "1"]

1. e4 c5 2. Nf3 Nc6 3. Nc3 d6 4. g3 e5 5. Bg2 Be7 6. Nd5 Nf6 7. Nxe7 Qxe7 8. d3 0-0 9. 0-0 Ne8 10. Nh4 g6 11. Bh6 Ng7 12. Qd2 f6 13. f4 Bd7 14. f5 Be8 15. g4 Nd8 16. g5 fxg5 17. Bxg5 Qd7 18. Bh3 d5 19. Qe3 d4 20. Qg3 Qc7 21. fxg6 Rxf1+ 22. Rxf1 hxg6 23. Bf6 Nh5 24. Qxe5 Qxe5 25. Bxe5 Bf7 26. Bd6 b6 27. e5 Kg7 28. Bg2 Rc8 29. Bf3 Nf4 30. Bg4 Nfe6 31. Rf6 Rc6 32. Rf2 b5 33. Be7 c4 34. Bf3 Rc7 35. Bf6+ Kh7 36. Be4 Nc5 37. Bxd8 Nxe4 38. Bxc7 Nxf2 39. Kxf2 cxd3 40. cxd3 Bxa2 41. Nf3 1-0

[Event "Galego-ch"]
[Site "Padron"]
[Date "2016.03.20"]
[Round "2.9"]
[White "Dominguez Fernandez, Angel I"]
[Black "Castro Diaz, Rafael"]
[Result "1-0"]
[WhiteElo "2172"]
[BlackElo "1923"]
[PlyCount "69"]
[EventDate "2016.03.19"]
[EventType "swiss"]
[EventRounds "7"]
[EventCountry "ESP"]
[SourceTitle "EXT 2024"]
[Source "ChessBase"]
[SourceDate "2023.10.10"]
[SourceVersion "1"]
[SourceVersionDate "2023.10.10"]
[SourceQuality "1"]

1. e4 g6 2. d4 Bg7 3. Nc3 d6 4. Bg5 c6 5. Qd2 Nd7 6. f4 h6 7. Bh4 Qc7 8. Nf3 b5 9. Bd3 b4 10. Ne2 a5 11. 0-0 Ngf6 12. e5 Nd5 13. e6 Nf8 14. exf7+ Kxf7 15. c4 Nf6 16. Ne5+ dxe5 17. fxe5 g5 18. Bg3 Qd8 19. Be4 Ra6 20. Qd3 Bg4 21. exf6 Bxf6 22. c5 Ra7 23. Bxc6 Bxe2 24. Qxe2 Qxd4+ 25. Bf2 Qe5 26. Qxe5 Bxe5 27. Bg3+ Bf6 28. Bb8 Ra6 29. Bb7 Re6 30. Bd5 Kg7 31. c6 Re2 32. Rac1 Bd4+ 33. Kh1 Rf2 34. Rxf2 Bxf2 35. Be5+ 1-0

[Event "Mondariz Cemar op 2nd"]
[Site "Mondariz"]
[Date "2015.08.18"]
[Round "3"]
[White "Dominguez Fernandez, Angel I"]
[Black "Buitron Ramil, David"]
[Result "1-0"]
[WhiteElo "1992"]
[BlackElo "1641"]
[PlyCount "103"]
[EventDate "2015.08.16"]
[EventType "swiss"]
[EventRounds "9"]
[EventCountry "ESP"]
[SourceTitle "EXT 2019"]
[Source "ChessBase"]
[SourceDate "2018.10.10"]
[SourceVersion "1"]
[SourceVersionDate "2018.10.10"]
[SourceQuality "1"]

1. d4 Nf6 2. Nc3 e6 3. e4 d5 4. Bg5 Be7 5. e5 Nfd7 6. h4 a6 7. Qg4 h5 8. Bxe7 hxg4 9. Bxd8 Kxd8 10. Be2 c5 11. dxc5 Nxe5 12. 0-0-0 Nbd7 13. Na4 f5 14. f3 gxf3 15. Nxf3 Nxf3 16. Bxf3 Kc7 17. Rde1 Rh6 18. g4 fxg4 19. Bxg4 Kc6 20. Rxe6+ Rxe6 21. Bxe6 Nxc5 22. Bxd5+ Kb5 23. Nc3+ Kb6 24. b4 Ne6 25. Re1 Nf4 26. Re8 Nxd5 27. Nxd5+ Ka7 28. h5 Bg4 29. Re5 Rh8 30. Nf4 Rh7 31. Kd2 Rh6 32. Rg5 Bf3 33. Ke3 Bd1 34. c4 Rh7 35. c5 Ka8 36. Kd4 Bf3 37. Ke5 Rh6 38. a4 Bd1 39. b5 axb5 40. axb5 Kb8 41. Kf5 Bc2+ 42. Kg4 Bd1+ 43. Kh4 b6 44. c6 Rh7 45. Rd5 Bc2 46. Rd8+ Kc7 47. Rd7+ Kc8 48. Nd5 g5+ 49. Kxg5 Rxd7 50. Nxb6+ Kc7 51. Nxd7 Bd3 52. h6 1-0

[Event "Pontevedra op 3rd"]
[Site "Pontevedra"]
[Date "2015.08.09"]
[Round "2"]
[White "Dominguez Fernandez, Angel I"]
[Black "Espineira Gonzalez, Diego Adrian"]
[Result "0-1"]
[WhiteElo "1992"]
[BlackElo "2380"]
[PlyCount "50"]
[EventDate "2015.08.09"]
[EventType "swiss"]
[EventRounds "9"]
[EventCountry "ESP"]
[SourceTitle "EXT 2016"]
[Source "ChessBase"]
[SourceDate "2015.10.08"]
[SourceVersion "1"]
[SourceVersionDate "2015.10.08"]
[SourceQuality "1"]

1. e4 e6 2. d4 d5 3. Bd3 c5 4. exd5 exd5 5. dxc5 Bxc5 6. Nf3 Bg4 7. 0-0 Ne7 8. Nbd2 Nbc6 9. Nb3 Bd6 10. h3 Bh5 11. g4 Bg6 12. Bg5 Qd7 13. Nfd4 f6 14. Nxc6 bxc6 15. Be3 Bxd3 16. Qxd3 h5 17. Nc5 Qc8 18. Qa6 Qxa6 19. Nxa6 hxg4 20. hxg4 Rh4 21. Kg2 Rxg4+ 22. Kf3 Re4 23. Rfe1 Nf5 24. Bf4 Nd4+ 25. Kg4 f5+ 0-1

[Event "ESP-ch U16"]
[Site "Salobrena"]
[Date "2015.07.23"]
[Round "6"]
[White "Perez Garcia, Alejandro"]
[Black "Dominguez Fernandez, Angel I"]
[Result "1-0"]
[WhiteElo "2322"]
[BlackElo "1988"]
[PlyCount "111"]
[EventDate "2015.07.20"]
[EventType "swiss"]
[EventRounds "9"]
[EventCountry "ESP"]
[SourceTitle "EXT 2016"]
[Source "ChessBase"]
[SourceDate "2015.10.08"]
[SourceVersion "1"]
[SourceVersionDate "2015.10.08"]
[SourceQuality "1"]

1. Nf3 d5 2. d4 Nf6 3. c4 g6 4. g3 Bg7 5. Bg2 0-0 6. 0-0 c5 7. dxc5 dxc4 8. Ne5 Qc7 9. c6 Nxc6 10. Nxc6 bxc6 11. Qc2 Be6 12. Bd2 Nd5 13. Na3 Qe5 14. e4 Qxb2 15. exd5 Bxd5 16. Qxb2 Bxb2 17. Bb4 Bxa1 18. Rxa1 Rab8 19. Bxe7 Rfe8 20. Bf6 Re6 21. Bc3 Bxg2 22. Kxg2 Re4 23. Kf3 Rbe8 24. Rb1 Re2 25. Rb2 R2e4 26. Rb4 Re2 27. Nxc4 Rc2 28. Rb3 Rxa2 29. Nd6 Rd8 30. Bf6 Rf8 31. Ne4 Ra5 32. g4 h6 33. Bc3 f5 34. Nf6+ Rxf6 35. Bxf6 fxg4+ 36. Kxg4 Kf7 37. Bc3 Rg5+ 38. Kf3 Rh5 39. Kg3 Rg5+ 40. Kf4 Rf5+ 41. Ke3 Rh5 42. Bd4 c5 43. Bc3 Rxh2 44. Rb7+ Ke6 45. Rxa7 Rh3+ 46. f3 g5 47. Rg7 Kf5 48. Bb2 h5 49. Rf7+ Kg6 50. Rf6+ Kh7 51. Ke4 g4 52. f4 g3 53. Rf7+ Kh6 54. f5 Rh4+ 55. Kf3 Rg4 56. Bc1+ 1-0

[Event "ESP-ch U16"]
[Site "Salobrena"]
[Date "2015.07.21"]
[Round "3"]
[White "Dominguez Fernandez, Angel I"]
[Black "Esquivias Quintero, Luis Manuel"]
[Result "0-1"]
[WhiteElo "1988"]
[BlackElo "2134"]
[PlyCount "114"]
[EventDate "2015.07.20"]
[EventType "swiss"]
[EventRounds "9"]
[EventCountry "ESP"]
[SourceTitle "EXT 2016"]
[Source "ChessBase"]
[SourceDate "2015.10.08"]
[SourceVersion "1"]
[SourceVersionDate "2015.10.08"]
[SourceQuality "1"]

1. e4 Nf6 2. e5 Nd5 3. d4 d6 4. Nf3 dxe5 5. Nxe5 g6 6. Bc4 c6 7. 0-0 Bg7 8. Qe2 0-0 9. Bb3 Bf5 10. Rd1 a5 11. a4 Nd7 12. Ra3 Qc7 13. Bxd5 Nxe5 14. Ba2 Ng4 15. Rg3 Nf6 16. Re3 Rfe8 17. h3 Rad8 18. g4 Bc8 19. c3 h5 20. g5 Nd5 21. Bxd5 Rxd5 22. Rf3 e5 23. c4 Rdd8 24. d5 cxd5 25. cxd5 e4 26. Ra3 Qe5 27. f4 exf3 28. Qxe5 Rxe5 29. Rxf3 Rexd5 30. Rdf1 Bd4+ 31. Kh2 Be5+ 32. Kg2 Bf5 33. Nc3 Bxc3 34. Rxc3 Rd3 35. Rxd3 Rxd3 36. Re1 Bxh3+ 37. Kf2 Be6 38. Re5 h4 39. Rxa5 Kf8 40. Bf4 Ke7 41. Ra8 Bd5 42. Kg1 Rd1+ 43. Kf2 Rd3 44. Kg1 Rf3 45. Bc7 Kd7 46. Be5 Ke6 47. Bc7 Kf5 48. Rd8 Bc6 49. Rd6 Kxg5 50. Bd8+ f6 51. a5 Rg3+ 52. Kf1 Rf3+ 53. Kg1 h3 54. Rxc6 bxc6 55. a6 h2+ 56. Kh1 Rf1+ 57. Kxh2 Ra1 0-1

[Event "Benidorm Nuevas Generaciones U16"]
[Site "Benidorm"]
[Date "2014.12.07"]
[Round "4"]
[White "Dominguez Fernandez, Angel I"]
[Black "Gimeno Simo, Sergio"]
[Result "0-1"]
[WhiteElo "1944"]
[BlackElo "1730"]
[PlyCount "92"]
[EventDate "2014.12.05"]
[EventType "swiss"]
[EventRounds "6"]
[EventCountry "ESP"]
[SourceTitle "EXT 2022"]
[Source "ChessBase"]
[SourceDate "2021.10.06"]
[SourceVersion "1"]
[SourceVersionDate "2021.10.06"]
[SourceQuality "1"]

1. e4 Nf6 2. e5 Nd5 3. c4 Nb6 4. d4 d6 5. exd6 exd6 6. Bd3 Nc6 7. Ne2 Be7 8. Nbc3 0-0 9. 0-0 Bf6 10. Be3 Bg4 11. f3 Bh5 12. b3 a5 13. Rc1 a4 14. Bb1 Re8 15. Bf4 d5 16. c5 Nc8 17. Nxa4 Bg6 18. Bxg6 hxg6 19. Nac3 N8e7 20. g4 g5 21. Bg3 Ng6 22. a4 Qd7 23. Nb5 Rac8 24. Qd2 Nf8 25. Kf2 Re7 26. Rh1 Rce8 27. Rce1 Ne6 28. h4 gxh4 29. Bxh4 Bxh4+ 30. Rxh4 Nf8 31. Rh2 Re3 32. Kg3 Ng6 33. Reh1 R8e4 34. Nf4 f6 35. Rh8+ Kf7 36. Nc3 Rxc3 37. Qxc3 Rxf4 38. R8h5 Nxd4 39. Kg2 Nxf3 40. Rf5 Rxg4+ 41. Kxf3 Qxf5+ 42. Ke2 Rg2+ 43. Kd1 Qb1+ 44. Qc1 Qxb3+ 45. Ke1 Qg3+ 46. Kd1 Qd3+ 0-1

[Event "Benidorm Nuevas Generaciones U16"]
[Site "Benidorm"]
[Date "2014.12.07"]
[Round "5"]
[White "Llados Clos, Jaume"]
[Black "Dominguez Fernandez, Angel I"]
[Result "0-1"]
[WhiteElo "1619"]
[BlackElo "1944"]
[PlyCount "104"]
[EventDate "2014.12.05"]
[EventType "swiss"]
[EventRounds "6"]
[EventCountry "ESP"]
[SourceTitle "EXT 2022"]
[Source "ChessBase"]
[SourceDate "2021.10.06"]
[SourceVersion "1"]
[SourceVersionDate "2021.10.06"]
[SourceQuality "1"]

1. e4 e6 2. d4 d5 3. Nd2 Nc6 4. Ngf3 Nf6 5. e5 Nd7 6. c3 f6 7. exf6 Qxf6 8. Nb3 Bd6 9. Bg5 Qf7 10. Be2 0-0 11. 0-0 e5 12. dxe5 Ncxe5 13. Nbd2 Qg6 14. Nxe5 Nxe5 15. Bh4 c6 16. Nf3 Ng4 17. Qd4 Rf4 18. Qd3 Bf5 19. Qd2 Nxh2 20. Bg3 Nxf1 21. Bxf1 Rxf3 22. Bxd6 Qxd6 23. gxf3 Qg6+ 24. Kh2 Qh5+ 25. Kg1 Qxf3 26. Re1 Be4 27. Kh2 Rf8 28. Rxe4 dxe4 29. Kg1 h6 30. Qd4 e3 31. Qxe3 Qxe3 32. fxe3 g5 33. Kg2 Kg7 34. Be2 Kf6 35. e4 Ke5 36. Bh5 Kxe4 37. Kg3 c5 38. Bg6+ Ke3 39. Kg4 Rf4+ 40. Kg3 b6 41. a3 a5 42. Be8 Rf2 43. b3 Rc2 44. c4 Kd4 45. Kg4 Ra2 46. a4 Ra3 47. Kh5 Rxb3 48. Kxh6 g4 49. Kh5 g3 50. Bc6 Ra3 51. Kh4 Kxc4 52. Kh3 Kb4 0-1